[Event "Kaltern Trophy-B 2nd"]
[Site "Kaltern"]
[Date "2017.10.28"]
[Round "2"]
[White "Stuiber, Ingeborg"]
[Black "Auer, Max"]
[Result "0-1"]
[WhiteElo "1461"]
[BlackElo "1863"]
[PlyCount "82"]
[EventDate "2017.10.27"]
[EventType "swiss"]
[EventRounds "5"]
[EventCountry "ITA"]
[SourceTitle "CBM 181 Extra"]
[Source "ChessBase"]
[SourceDate "2017.12.12"]
[SourceVersion "1"]
[SourceVersionDate "2017.12.12"]
[SourceQuality "1"]

1. d4 Nf6 2. c4 d6 3. Nf3 b6 4. Nc3 Bb7 5. d5 c5 6. e4 g6 7. Be2 Bg7 8. Bd2 0-0 9. 0-0 Re8 10. Rb1 e6 11. Re1 exd5 12. exd5 Nbd7 13. Bf4 Ne5 14. Nxe5 dxe5 15. Bg5 h6 16. Bh4 Qd7 17. h3 a6 18. Bf3 g5 19. Bg3 Nh7 20. Ne4 f5 21. Nc3 e4 22. Bh5 Re7 23. Qd2 Nf6 24. Bd1 Rae8 25. Bc2 f4 26. Bh2 b5 27. b3 Bc8 28. Re2 f3 29. Re3 fxg2 30. Kxg2 g4 31. hxg4 Nxg4 32. Rxe4 Bxc3 33. Qxc3 Rxe4 34. Bxe4 Rxe4 35. Qf3 Re7 36. Qg3 Rg7 37. Kf1 Qf5 38. Rb2 Nxh2+ 39. Qxh2 Qd3+ 40. Re2 Bg4 41. Qe5 Bh3+ 0-1

[Event "MVP-ch Seniors op 15th"]
[Site "Binz"]
[Date "2015.12.02"]
[Round "9.78"]
[White "Stuiber, Ingeborg"]
[Black "Molsner, Heinz"]
[Result "0-1"]
[WhiteElo "1198"]
[BlackElo "1413"]
[PlyCount "62"]
[EventDate "2015.11.24"]
[EventType "swiss"]
[EventRounds "9"]
[EventCountry "GER"]
[SourceTitle "EXT 2017"]
[Source "ChessBase"]
[SourceDate "2016.10.25"]
[SourceVersion "1"]
[SourceVersionDate "2016.10.25"]
[SourceQuality "1"]

1. d4 d5 2. e3 Nf6 3. f4 Bf5 4. Nf3 Nc6 5. c3 e6 6. Be2 Be7 7. 0-0 0-0 8. Nbd2 Ng4 9. Ne5 Nxe3 10. Qe1 Nxf1 11. Nxf1 Qd6 12. g4 Be4 13. Ng3 f6 14. Nd3 f5 15. Ne5 Bh4 16. g5 Nxe5 17. dxe5 Qb6+ 18. Qf2 Bxg3 19. Qxb6 Bxh2+ 20. Kxh2 axb6 21. Bb5 c6 22. Be2 g6 23. Be3 b5 24. a3 Kg7 25. Rg1 Rh8 26. Bf1 h6 27. Bh3 Rh7 28. Rg3 Rah8 29. Bd2 hxg5 30. fxg5 f4 31. Bxf4 Bf5 0-1

[Event "MVP-ch Seniors op 14th"]
[Site "Binz"]
[Date "2014.12.02"]
[Round "8"]
[White "Hartlaub, Marianne"]
[Black "Stuiber, Ingeborg"]
[Result "0-1"]
[WhiteElo "1476"]
[BlackElo "1164"]
[PlyCount "125"]
[EventDate "2014.11.25"]
[EventType "swiss"]
[EventRounds "9"]
[EventCountry "GER"]
[SourceTitle "EXT 2016"]
[Source "ChessBase"]
[SourceDate "2015.10.08"]
[SourceVersion "1"]
[SourceVersionDate "2015.10.08"]
[SourceQuality "1"]

1. Nf3 d5 2. d3 f5 3. g3 Nf6 4. Bg2 e6 5. 0-0 Bd6 6. b3 0-0 7. Bb2 c6 8. Nbd2 Nbd7 9. c4 Qe7 10. cxd5 exd5 11. Re1 Ne5 12. Bxe5 Bxe5 13. Nxe5 Qxe5 14. Nf3 Qe7 15. Qd2 Bd7 16. Rac1 Qd6 17. e3 Rae8 18. b4 Rf7 19. Nd4 a6 20. Bh3 Ng4 21. a3 Qh6 22. Bxg4 fxg4 23. Ne2 Ref8 24. Rf1 Rf6 25. Nf4 g5 26. Ne2 R8f7 27. f4 gxf3 28. Nd4 g4 29. Rf2 Re7 30. Re1 Re5 31. Nc2 Rfe6 32. d4 Re4 33. Qc3 Qf8 34. Rd1 Qe7 35. Rd3 Kg7 36. Qd2 Be8 37. h4 gxh3 38. Rxf3 Rf6 39. Qf2 Rxf3 40. Qxf3 Bd7 41. Kh2 Bg4 42. Qf2 Qf6 43. Rd2 Re6 44. Qf4 Qxf4 45. gxf4 h5 46. Kg3 Kh6 47. Kf2 Rg6 48. Ke1 Bf5 49. Rh2 h4 50. Kf1 Kh5 51. Ne1 Rg3 52. Kf2 Be4 53. Ke2 Rg2+ 54. Nxg2 hxg2 55. Kf2 Kg4 56. Rxg2+ Bxg2 57. Kxg2 h3+ 58. Kh2 b6 59. a4 a5 60. bxa5 bxa5 61. Kh1 Kf5 62. Kh2 Kg4 63. Kg1 0-1

[Event "MVP-ch Seniors op 14th"]
[Site "Binz"]
[Date "2014.11.27"]
[Round "3"]
[White "Holfter, Dietrich"]
[Black "Stuiber, Ingeborg"]
[Result "1/2-1/2"]
[WhiteElo "1385"]
[BlackElo "1164"]
[PlyCount "37"]
[EventDate "2014.11.25"]
[EventType "swiss"]
[EventRounds "9"]
[EventCountry "GER"]
[SourceTitle "EXT 2016"]
[Source "ChessBase"]
[SourceDate "2015.10.08"]
[SourceVersion "1"]
[SourceVersionDate "2015.10.08"]
[SourceQuality "1"]

1. d4 d5 2. c4 e6 3. Nc3 c6 4. Nf3 f5 5. Bf4 Nf6 6. e3 Be7 7. Bd3 0-0 8. 0-0 Ne4 9. Qc2 Nd7 10. Ne5 Nxe5 11. Bxe5 Bf6 12. Rfd1 Qe8 13. f3 Nxc3 14. Qxc3 Bxe5 15. dxe5 Bd7 16. b4 a6 17. a4 Kh8 18. f4 Rg8 19. h4 1/2-1/2

[Event "MVP-ch Seniors op 14th"]
[Site "Binz"]
[Date "2014.11.26"]
[Round "2"]
[White "Stuiber, Ingeborg"]
[Black "Knaak, Hans"]
[Result "0-1"]
[WhiteElo "1164"]
[BlackElo "1514"]
[PlyCount "116"]
[EventDate "2014.11.25"]
[EventType "swiss"]
[EventRounds "9"]
[EventCountry "GER"]
[SourceTitle "EXT 2016"]
[Source "ChessBase"]
[SourceDate "2015.10.08"]
[SourceVersion "1"]
[SourceVersionDate "2015.10.08"]
[SourceQuality "1"]

1. d4 Nf6 2. c4 d6 3. Nc3 Nbd7 4. Nf3 g6 5. e4 c5 6. d5 Bg7 7. Qc2 0-0 8. Be2 Nb6 9. 0-0 a6 10. b3 Bg4 11. Bb2 Nfd7 12. Rad1 Rc8 13. Nh4 Bxe2 14. Nxe2 Nf6 15. Ng3 Nbd7 16. Nf3 Qc7 17. Rfe1 b6 18. Re2 b5 19. Rde1 b4 20. e5 Ng4 21. exd6 exd6 22. h3 Nge5 23. Nxe5 Bxe5 24. Bxe5 Nxe5 25. Re3 g5 26. Nf5 f6 27. Nh6+ Kh8 28. Ng4 Qd7 29. Nxe5 fxe5 30. R1e2 Qg7 31. Qe4 Rf4 32. Qd3 Rcf8 33. Re4 Qg6 34. g3 Rf3 35. Qc2 Qf5 36. Rg4 Qf6 37. Kg2 h5 38. Rge4 Rc3 39. Qd2 Kh7 40. R4e3 Rxe3 41. Qxe3 a5 42. Qd2 Qf3+ 43. Kg1 Qf5 44. Re3 Qxh3 45. Qe2 Rf6 46. Rf3 Qg4 47. Kg2 Kg7 48. Qe3 Qxf3+ 49. Qxf3 Rxf3 50. Kxf3 Kf6 51. Kg2 Kf5 52. f3 g4 53. Kf2 gxf3 54. Kxf3 Kg5 55. Ke3 Kg4 56. Kf2 Kh3 57. Kf3 e4+ 58. Kxe4 Kxg3 0-1

[Event "GER-chB Seniors 26th"]
[Site "Bad Neuenahr"]
[Date "2014.08.11"]
[Round "7"]
[White "Stuiber, Ingeborg"]
[Black "Hartlaub, Marianne"]
[Result "0-1"]
[WhiteElo "1385"]
[BlackElo "1592"]
[PlyCount "107"]
[EventDate "2014.08.05"]
[EventType "swiss"]
[EventRounds "9"]
[EventCountry "GER"]
[SourceTitle "EXT 2018"]
[Source "ChessBase"]
[SourceDate "2017.10.13"]
[SourceVersion "1"]
[SourceVersionDate "2017.10.13"]
[SourceQuality "1"]

1. d4 d6 2. c4 Nf6 3. Nc3 c6 4. e4 Qa5 5. Qc2 e5 6. dxe5 dxe5 7. Nf3 Be7 8. Be2 0-0 9. 0-0 Bg4 10. Rd1 Nbd7 11. Be3 Qc7 12. Rd3 Nc5 13. Rd2 Rad8 14. Rad1 Bxf3 15. Bxf3 b6 16. b3 Ne6 17. Ne2 Rxd2 18. Rxd2 Bb4 19. Rd1 Rd8 20. Nc1 Rxd1+ 21. Qxd1 Bc5 22. Qd2 Nd4 23. Bxd4 Bxd4 24. Ne2 Bc5 25. Qd3 Qe7 26. h3 g6 27. g4 Ne8 28. Kf1 Qh4 29. Ng3 Qxh3+ 30. Ke1 Qh2 31. Qd2 Qg1+ 32. Nf1 a5 33. Be2 Qxf2+ 34. Kd1 Bb4 35. Qd3 Qe1+ 36. Kc2 Qa1 37. Ng3 Ba3 38. Qc3 Qc1+ 39. Kd3 Qf4 40. Nf1 Nd6 41. Kc2 Nxe4 42. Qe3 Bc5 43. Qxf4 exf4 44. Nd2 Nxd2 45. Kxd2 Be3+ 46. Kd3 Kg7 47. Ke4 Kf6 48. Bf3 Ke6 49. Kd3 Kd6 50. g5 c5 51. Bd5 Ke7 52. Ke4 f5+ 53. Kf3 Bc1 54. Bg8 0-1

[Event "GER-chB Seniors 26th"]
[Site "Bad Neuenahr"]
[Date "2014.08.05"]
[Round "1"]
[White "Stuiber, Ingeborg"]
[Black "Drechsel, Dieter"]
[Result "0-1"]
[WhiteElo "1385"]
[BlackElo "1847"]
[PlyCount "46"]
[EventDate "2014.08.05"]
[EventType "swiss"]
[EventRounds "9"]
[EventCountry "GER"]
[SourceTitle "EXT 2018"]
[Source "ChessBase"]
[SourceDate "2017.10.13"]
[SourceVersion "1"]
[SourceVersionDate "2017.10.13"]
[SourceQuality "1"]

1. d4 Nf6 2. c4 e6 3. Nf3 d5 4. e3 c6 5. Nc3 Nbd7 6. b3 Bb4 7. Bd2 0-0 8. Be2 Re8 9. 0-0 e5 10. dxe5 Nxe5 11. Qc2 Nxf3+ 12. Bxf3 dxc4 13. bxc4 g6 14. a3 Bd6 15. Ne4 Bf5 16. Nxf6+ Qxf6 17. Qc3 Be5 18. Qc1 Bb2 19. Qd1 Bd3 20. Re1 Bxa1 21. Qxa1 Qxa1 22. Rxa1 Bxc4 23. Rc1 Be6 0-1

[Event "MVP-ch Seniors op 13th"]
[Site "Binz"]
[Date "2013.11.29"]
[Round "3"]
[White "Stuiber, Ingeborg"]
[Black "Mewes, Hans Dieter"]
[Result "0-1"]
[WhiteElo "996"]
[BlackElo "1709"]
[PlyCount "104"]
[EventDate "2013.11.27"]
[EventType "swiss"]
[EventRounds "9"]
[EventCountry "GER"]
[SourceTitle "EXT 2015"]
[Source "ChessBase"]
[SourceDate "2014.11.20"]
[SourceVersion "1"]
[SourceVersionDate "2014.11.20"]
[SourceQuality "1"]

1. d4 d5 2. e3 Nf6 3. f4 Bf5 4. Nf3 e6 5. Be2 Nbd7 6. 0-0 Be7 7. c3 Ne4 8. Nbd2 0-0 9. Nxe4 Bxe4 10. Bd3 Bxd3 11. Qxd3 f5 12. Ne5 Nf6 13. Rf3 Ne4 14. Qe2 Qe8 15. Rh3 c6 16. Bd2 Bd6 17. Rf1 Bxe5 18. fxe5 g5 19. Be1 Qg6 20. Qh5 Kg7 21. Qxg6+ Kxg6 22. Rhf3 h5 23. h3 h4 24. Kh2 Rh8 25. Kg1 Raf8 26. Kh2 Rf7 27. Kg1 Rhf8 28. Kh2 b5 29. a3 Ra8 30. Rg1 a5 31. g4 fxg4 32. Rxf7 Kxf7 33. Rf1+ Kg7 34. hxg4 a4 35. Kg2 Rc8 36. Kf3 Rf8+ 37. Ke2 Rxf1 38. Kxf1 c5 39. Kg2 Kf7 40. Kh3 Ke7 41. Bxh4 gxh4 42. Kxh4 cxd4 43. exd4 Kf7 44. Kh5 Kg7 45. g5 Nd2 46. g6 Nc4 47. Kg5 Nxb2 48. Kf4 Nd1 49. Kf3 Nxc3 50. Ke3 Nb1 51. Kd3 Nxa3 52. Kc3 Nc4 0-1

[Event "MVP-ch Seniors op 13th"]
[Site "Binz"]
[Date "2013.11.28"]
[Round "2"]
[White "Scholz, Werner"]
[Black "Stuiber, Ingeborg"]
[Result "1/2-1/2"]
[WhiteElo "1542"]
[BlackElo "996"]
[PlyCount "51"]
[EventDate "2013.11.27"]
[EventType "swiss"]
[EventRounds "9"]
[EventCountry "GER"]
[SourceTitle "EXT 2015"]
[Source "ChessBase"]
[SourceDate "2014.11.20"]
[SourceVersion "1"]
[SourceVersionDate "2014.11.20"]
[SourceQuality "1"]

1. d4 d5 2. Nf3 f5 3. c4 e6 4. cxd5 exd5 5. Nc3 c6 6. Bf4 Nf6 7. e3 Be6 8. Qb3 Qb6 9. Qc2 Be7 10. Be2 Ne4 11. 0-0 0-0 12. Ne5 Nd7 13. f3 Nxc3 14. bxc3 Nxe5 15. Bxe5 Bf6 16. Bd6 Rf7 17. Bd3 Be7 18. Bxe7 Rxe7 19. Bxf5 Bxf5 20. Qxf5 Rxe3 21. Rfb1 Qc7 22. Qc2 Rae8 23. Rf1 Re2 24. Qb3 Qb6 25. Qxb6 axb6 26. a4 1/2-1/2

[Event "MVP-ch Seniors op 12th"]
[Site "Binz"]
[Date "2012.11.30"]
[Round "3"]
[White "Neumann, Erwin"]
[Black "Stuiber, Ingeborg"]
[Result "1-0"]
[WhiteElo "1765"]
[BlackElo "980"]
[PlyCount "35"]
[EventDate "2012.11.28"]
[EventType "swiss"]
[EventRounds "9"]
[EventCountry "GER"]
[SourceTitle "EXT 2014"]
[Source "ChessBase"]
[SourceDate "2013.11.20"]
[SourceVersion "1"]
[SourceVersionDate "2013.11.20"]
[SourceQuality "1"]

1. e4 d5 2. exd5 Qxd5 3. Nf3 e5 4. Nc3 Qd8 5. Nxe5 f6 6. Qh5+ Ke7 7. Qf7+ Kd6 8. Qd5+ Ke7 9. Qxd8+ Kxd8 10. Nf7+ Ke8 11. Bc4 Nh6 12. Nxh8 Nc6 13. 0-0 Ne5 14. Re1 Be7 15. Bb3 Bf5 16. d4 Nc6 17. Bxh6 gxh6 18. Nf7 1-0